| 000 | 01012cam a2200241 i 4500 | ||
|---|---|---|---|
| 999 |
_c58226 _d58226 |
||
| 001 | 20765942 | ||
| 005 | 20221107165426.0 | ||
| 008 | 181130s2019 ilu b 001 0 eng c | ||
| 020 | _a9780226499918 X | ||
| 041 | _aeng | ||
| 080 | _a378+001 B-41 | ||
| 100 | 1 |
_aBelcher, Wendy Laura _912516 |
|
| 245 | 1 | 0 |
_aWriting your journal article in twelve weeks : _ba guide to academic publishing success / _cWendy Laura Belcher. |
| 250 | _aSecond edition. | ||
| 264 | 1 |
_aLondon : _bThe University of Chicago Press, _c2019. |
|
| 300 |
_a430 pages ; _c28 cm. |
||
| 504 | _aIncludes bibliographical references (pages 401-417) and index. | ||
| 653 | _a აკადემიური გამოცემის სახელმძღვანელო | ||
| 653 | _aმეცნიერული გამოცემა | ||
| 830 | 0 |
_aChicago guides to writing, editing, and publishing. _912517 |
|
| 942 |
_2udc _cBK |
||
| 955 |
_aICU _axn11 2019-11-08 1 copy rec'd., to CIP ver. _axn16 2020-03-04 copy 2 to USPRLL |
||